000 00901nam a22001697a 4500
999 _c58486
_d58486
003 Ge_BSU
005 20220411112935.0
008 220411s2022 ge ||||| |||| 00| 0 geo d
041 _ageo
080 _a316 კ-64
245 _aსამოქალაქო საზოგადოების როლი :
_bსაუნივერსიტეტო კურსის დამხმარე სასწავლო რესურსი /
_c[თამარ კობერიძე, ნათია ნადირაძე]; კონსულტაციის და ტრენინგის ცენტრი.
264 _aთბილისი,
_c2022.
300 _a157 გვ.
_b30 სმ.
504 _aბიბლიოგრ. გვ.154-157
710 _aკონსულტაციის და ტრენინგის ცენტრი
_913659
942 _2udc
_cBK